Transmisión inalámbrica digital para la señal de audio proviniente de una guitarra
Guardat en:
| Autor principal: | |
|---|---|
| Format: | Llibre |
| Idioma: | Spanish |
| Publicat: |
[San José ], Costa Rica
2016
|
| Matèries: | |
| Etiquetes: |
Afegir etiqueta
Sense etiquetes, Sigues el primer a etiquetar aquest registre!
|
MARC
| LEADER | 00000nam a22000007a 4500 | ||
|---|---|---|---|
| 003 | 012651 | ||
| 005 | 20221231144242.0 | ||
| 008 | 171010b2016 cr a|||| m||| 00| ||spa d | ||
| 040 | |c cru CEDI | ||
| 090 | |a TFG 7802 | ||
| 100 | |9 10102 |a Sánchez Brenes, Juan Diego | ||
| 245 | |a Transmisión inalámbrica digital para la señal de audio proviniente de una guitarra | ||
| 260 | |a [San José ], Costa Rica |c 2016 | ||
| 300 | |a xi, 61 hojas ; ilustraciones a color | ||
| 500 | |a "IE-0499 Proyecto eléctrico”, Proyecto de graduación (bachillerato en ingeniería eléctrica)--Universidad de Costa Rica. Facultad de Ingeniería. Escuela de Ingeniería Eléctrica | ||
| 650 | |x DISPOSITIVOS PARA COMPUTADORAS - DISEÑO Y CONSTRUCCION |x SIMULACION POR COMPUTADORA |x USB (BUS PARA COMPUTADORAS) |x SISTEMAS DE TRANSMISION DE DATOS |9 10103 | ||
| 942 | |c TFG | ||
| 999 | |c 19103 |d 19103 | ||
